| 000 | nam a22 7a 4500 | ||
|---|---|---|---|
| 999 |
_c16553 _d16553 |
||
| 008 | 161115b xxu||||| |||| 00| 0 eng d | ||
| 020 | _a1930109008 | ||
| 020 | _a9781930109001 | ||
| 050 | _aBP 42 .T43 1995 | ||
| 100 | _aCouncil on Islamic Education | ||
| 245 |
_aTeaching about Islam and Muslims in the public school classroom/ _cCouncil on Islamic Education. |
||
| 250 | _a3rd ed. | ||
| 260 |
_aFountain Valley, Calif. : _bCouncil on Islamic Education, _c ©1995. |
||
| 300 |
_aix, 117p. : _bill. ; |
||
| 500 | _aIncludes bibliography and index. | ||
| 650 |
_aIslam _xStudy and teaching _y United States. |
||
| 650 |
_a Public schools _x Curricula _y United States. |
||
| 650 |
_aIslam _xStudy and teaching. |
||
| 942 |
_2lcc _cBOOKS _hBP 42 .T43 1995 _05 |
||